Statistics for Alternate Versions of Original Marvel Heroes

Click here to take the quiz!

General Stats

  • This quiz has been taken 46 times
  • The average score is 7 of 28

Answer Stats

HintAnswer% Correct
Gwen/DeadpoolGwenpool
76%
Gwen/Spider-ManSpider-Gwen
76%
Spider-ManMiles Morales
71%
Spider-ManSpider-Man 2099
50%
Spider-ManSpider-Man Noir
38%
VenomAgent Venom
32%
HawkeyeKate Bishop
32%
ThorJane Foster
29%
VenomAnti-Venom
26%
Spider-ManScarlet Spider
26%
Ghost Rider/Black PantherGhost Panther
24%
Iron ManIronheart
24%
Green Goblin/CarnageRed Goblin
24%
Captain AmericaFalcon
21%
Iron Man/ThorIron Hammer
21%
Spider-Man/Moon KnightArach-Knight
18%
Ghost RiderCosmic Ghost Rider
18%
Ghost RiderRobbie Reyes
18%
Scarlet Witch/X-23Weapon Hex
18%
Red HulkBetty Ross
15%
Spider-ManPeni Parker
12%
Spider-ManCosmic Spider-Man
9%
HulkHulkling
9%
Captain MarvelKamala Khan
6%
Spider-ManSuperior Spider-Man
6%
Spider-WomanBlack Widow
3%
HulkTyrone Cash
3%
DaredevilRay Connor
0%

Score Distribution

Percentile by Number Answered

Percent of People with Each Score

Your Score History

You have not taken this quiz